[Event "GER-chT U20"]
[Site "Duesseldorf"]
[Date "2017.12.28"]
[Round "3.4"]
[White "Liess, Alexander"]
[Black "Shevelko, Alexander"]
[Result "0-1"]
[WhiteElo "1770"]
[BlackElo "1883"]
[PlyCount "96"]
[EventDate "2017.12.27"]
[EventType "team-swiss"]
[EventRounds "7"]
[EventCountry "GER"]
[SourceTitle "CBM 182 Extra"]
[Source "ChessBase"]
[SourceDate "2018.02.23"]
[SourceVersion "1"]
[SourceVersionDate "2018.02.23"]
[SourceQuality "1"]
[WhiteTeam "Regensburg Bavaria U20"]
[BlackTeam "Potsdam U20"]
[WhiteTeamCountry "GER"]
[BlackTeamCountry "GER"]

1. d4 d5 2. Bf4 Nf6 3. e3 e6 4. Nf3 Nbd7 5. Nbd2 Be7 6. Bd3 0-0 7. Ne5 c5 8. c3 c4 9. Bc2 Nxe5 10. dxe5 Nd7 11. h4 Re8 12. Nf3 f6 13. exf6 Nxf6 14. Ne5 Bd6 15. Qd4 Qc7 16. g4 Nd7 17. Nxd7 Bxf4 18. exf4 Bxd7 19. 0-0-0 Bc6 20. Rde1 Re7 21. Re5 Rf8 22. Rhe1 Ref7 23. f5 exf5 24. Rxf5 g6 25. Rxf7 Qxf7 26. Qxa7 Qf4+ 27. Qe3 Qxg4 28. Qg3 Qf4+ 29. Qxf4 Rxf4 30. h5 gxh5 31. Rg1+ Rg4 32. Rg3 Kg7 33. Bf5 Rxg3 34. fxg3 h6 35. Kd2 Kf6 36. Bh3 Kg5 37. Ke3 h4 38. Kf2 h5 39. b3 hxg3+ 40. Kxg3 d4 41. Kf2 cxb3 42. axb3 dxc3 43. Ke3 c2 44. Kd2 Be4 45. b4 Kf4 46. Bf1 h4 47. b5 Kg3 48. b6 h3 0-1

[Event "GER-chT U20"]
[Site "Duesseldorf"]
[Date "2017.12.27"]
[Round "1.5"]
[White "Shevelko, Alexander"]
[Black "Elbracht, Michael"]
[Result "1/2-1/2"]
[WhiteElo "1883"]
[BlackElo "2008"]
[PlyCount "57"]
[EventDate "2017.12.27"]
[EventType "team-swiss"]
[EventRounds "7"]
[EventCountry "GER"]
[SourceTitle "CBM 182 Extra"]
[Source "ChessBase"]
[SourceDate "2018.02.23"]
[SourceVersion "1"]
[SourceVersionDate "2018.02.23"]
[SourceQuality "1"]
[WhiteTeam "Potsdam U20"]
[BlackTeam "Hamburger SK U20"]
[WhiteTeamCountry "GER"]
[BlackTeamCountry "GER"]

1. d4 Nf6 2. Nf3 g6 3. g3 Bg7 4. Bg2 0-0 5. 0-0 d6 6. c4 Nbd7 7. Nc3 c5 8. e4 cxd4 9. Nxd4 Ne5 10. b3 Bd7 11. h3 Nc6 12. Be3 a6 13. Kh2 Rc8 14. Rc1 Nxd4 15. Bxd4 Bc6 16. Nd5 Bxd5 17. cxd5 Rxc1 18. Qxc1 Ng4+ 19. hxg4 Bxd4 20. Qc4 Qb6 21. f4 Bc5 22. g5 Qa5 23. Qe2 Qc3 24. Bh3 Bd4 25. Rd1 Kg7 26. Qd3 Qxd3 27. Rxd3 Bc5 28. Rd1 a5 29. Rc1 1/2-1/2

[Event "GER-chT U12"]
[Site "Schney"]
[Date "2013.12.28"]
[Round "4.2"]
[White "Shevelko, Alexander"]
[Black "Wachtel, Arthur"]
[Result "0-1"]
[WhiteElo "1556"]
[BlackElo "1434"]
[PlyCount "99"]
[EventDate "2013.12.27"]
[EventType "team-swiss"]
[EventRounds "7"]
[EventCountry "GER"]
[SourceTitle "EXT 2015"]
[Source "ChessBase"]
[SourceDate "2014.11.20"]
[SourceVersion "1"]
[SourceVersionDate "2014.11.20"]
[SourceQuality "1"]
[WhiteTeam "Potsdam"]
[BlackTeam "Freising"]
[WhiteTeamCountry "GER"]
[BlackTeamCountry "GER"]

1. e4 e6 2. d4 d5 3. e5 c5 4. c3 Nc6 5. Ne2 f6 6. exf6 Nxf6 7. Bf4 Be7 8. g3 0-0 9. Bg2 Bd6 10. Bxd6 Qxd6 11. 0-0 Bd7 12. Nf4 cxd4 13. cxd4 Qb4 14. Ne2 Rf7 15. Qd2 Qb6 16. Nbc3 Raf8 17. h3 Qd8 18. Rae1 Ne8 19. Nf4 Nc7 20. a3 Rf5 21. Nce2 R8f7 22. Nc1 Qg5 23. Nb3 Nb8 24. Re5 Qd8 25. Nc5 Qc8 26. Rfe1 Nc6 27. R5e3 b6 28. Nxd7 Qxd7 29. R1e2 Nd8 30. h4 Qd6 31. Bh3 Re7 32. Qe1 Rf8 33. Rc2 g6 34. Qc1 Nb5 35. Qd1 Nc6 36. Ne2 Ref7 37. Qd3 Nc7 38. Nf4 Nd8 39. Rce2 Re7 40. Rc2 Nc6 41. Rce2 Kg7 42. Kh2 Nd8 43. Kg1 Nf7 44. Kh2 Nh6 45. Kg1 Nf5 46. Bxf5 exf5 47. Kf1 Kf7 48. Rxe7+ Qxe7 49. Rxe7+ Kxe7 50. Qf3 0-1

[Event "GER-chT North U12"]
[Site "Magdeburg"]
[Date "2013.09.13"]
[Round "3.2"]
[White "Shevelko, Alexander"]
[Black "Petersen, Marcel"]
[Result "1-0"]
[WhiteElo "1462"]
[BlackElo "1517"]
[PlyCount "79"]
[EventDate "2013.09.12"]
[EventType "team-swiss"]
[EventRounds "7"]
[EventCountry "GER"]
[SourceTitle "EXT 2014"]
[Source "ChessBase"]
[SourceDate "2013.11.20"]
[SourceVersion "1"]
[SourceVersionDate "2013.11.20"]
[SourceQuality "1"]
[WhiteTeam "Potsdam"]
[BlackTeam "Treptow"]
[WhiteTeamCountry "GER"]
[BlackTeamCountry "GER"]

1. d4 d5 2. Nf3 Nf6 3. g3 Bf5 4. Bg2 e6 5. 0-0 c6 6. c4 Nbd7 7. Nc3 Bd6 8. Qb3 Qc7 9. Bg5 h6 10. Bxf6 Nxf6 11. Rfe1 0-0 12. Nd2 Rad8 13. e4 dxe4 14. Ndxe4 Nxe4 15. Nxe4 Be7 16. Rad1 Rd7 17. Re2 Rfd8 18. Red2 a6 19. Qc3 Bxe4 20. Bxe4 Bf6 21. Qe3 Qb6 22. c5 Qc7 23. b4 b6 24. a3 b5 25. Kg2 e5 26. d5 Bg5 27. d6 Qb7 28. f4 Bf6 29. Bf5 Re8 30. Bxd7 Qxd7 31. Re2 Kf8 32. Rde1 g6 33. fxe5 Rxe5 34. Qxh6+ Bg7 35. Qc1 Rh5 36. h4 Bf6 37. Re4 Kg7 38. Rf1 Qc8 39. Rxf6 g5 40. Qf1 1-0

[Event "GER-chT North U12"]
[Site "Magdeburg"]
[Date "2013.09.12"]
[Round "2.2"]
[White "Grey, Andrea"]
[Black "Shevelko, Alexander"]
[Result "0-1"]
[WhiteElo "1260"]
[BlackElo "1462"]
[PlyCount "102"]
[EventDate "2013.09.12"]
[EventType "team-swiss"]
[EventRounds "7"]
[EventCountry "GER"]
[SourceTitle "EXT 2014"]
[Source "ChessBase"]
[SourceDate "2013.11.20"]
[SourceVersion "1"]
[SourceVersionDate "2013.11.20"]
[SourceQuality "1"]
[WhiteTeam "Falkenberg"]
[BlackTeam "Potsdam"]
[WhiteTeamCountry "GER"]
[BlackTeamCountry "GER"]

1. c4 e5 2. Nc3 Nf6 3. g3 Bc5 4. Bg2 0-0 5. e3 Nc6 6. Nge2 Re8 7. d4 exd4 8. exd4 Nxd4 9. 0-0 Nxe2+ 10. Nxe2 c6 11. Bf4 d5 12. cxd5 Nxd5 13. Qc2 Nxf4 14. Nxf4 Bb6 15. Rad1 Qf6 16. Rd2 Bf5 17. Qc1 Rad8 18. Rfd1 Ba5 19. Rxd8 Rxd8 20. b3 h6 21. a3 g5 22. Nh3 Rxd1+ 23. Qxd1 Qe6 24. b4 Bb6 25. Qf1 Qa2 26. Qe1 Kf8 27. Qe5 Qb1+ 28. Bf1 Bxh3 29. Qe2 Qxf1+ 30. Qxf1 Bxf1 31. Kxf1 Bd4 32. a4 a6 33. Ke2 Bc3 34. Kd3 Bxb4 35. Kc4 c5 36. g4 Ke7 37. Kd5 f6 38. f3 Kd7 39. h3 b5 40. axb5 axb5 41. Ke4 Ke6 42. Kd3 Ke5 43. Ke3 c4 44. Ke2 Kd4 45. Kd1 Kd3 46. Kc1 Bd2+ 47. Kb2 c3+ 48. Kb3 c2 49. f4 c1Q 50. fxg5 Qb1+ 51. Ka3 Bc1# 0-1

[Event "GER-chT North U12"]
[Site "Magdeburg"]
[Date "2013.09.12"]
[Round "1.2"]
[White "Shevelko, Alexander"]
[Black "Oehne, Nico"]
[Result "1-0"]
[WhiteElo "1462"]
[BlackElo "979"]
[PlyCount "75"]
[EventDate "2013.09.12"]
[EventType "team-swiss"]
[EventRounds "7"]
[EventCountry "GER"]
[SourceTitle "EXT 2014"]
[Source "ChessBase"]
[SourceDate "2013.11.20"]
[SourceVersion "1"]
[SourceVersionDate "2013.11.20"]
[SourceQuality "1"]
[WhiteTeam "Potsdam"]
[BlackTeam "Nordhorn Blanke"]
[WhiteTeamCountry "GER"]
[BlackTeamCountry "GER"]

1. e4 c6 2. d4 d5 3. Nc3 dxe4 4. Nxe4 Bf5 5. Ng3 Bg6 6. Nf3 e6 7. Bd3 Bxd3 8. Qxd3 Nf6 9. c4 c5 10. 0-0 Nc6 11. Be3 Qb6 12. Qc3 Be7 13. Rfd1 Rd8 14. a3 Qa5 15. Rd2 Qxc3 16. bxc3 b6 17. dxc5 Rxd2 18. Nxd2 Bxc5 19. Bxc5 bxc5 20. Nge4 Nxe4 21. Nxe4 Ne5 22. Rb1 Ke7 23. Rb7+ Nd7 24. Nxc5 Rd8 25. Rxa7 Ke8 26. Nxd7 Rxd7 27. Rxd7 Kxd7 28. Kf1 Kc6 29. Ke2 Kc5 30. Kd3 e5 31. f3 f6 32. a4 Kc6 33. a5 Kb7 34. c5 Ka6 35. Kc4 Kxa5 36. Kd5 Ka6 37. Kd6 Kb7 38. Kd7 1-0

[Event "GER-ch U12"]
[Site "Oberhof"]
[Date "2012.05.27"]
[Round "1"]
[White "Shevelko, Alexander"]
[Black "Kololli, Kevin"]
[Result "0-1"]
[WhiteElo "1373"]
[BlackElo "1753"]
[PlyCount "62"]
[EventDate "2012.05.27"]
[EventType "swiss"]
[EventRounds "11"]
[EventCountry "GER"]
[SourceTitle "CBM 148 Extra"]
[Source "ChessBase"]
[SourceDate "2012.06.22"]
[SourceVersion "1"]
[SourceVersionDate "2012.06.22"]
[SourceQuality "1"]

1. d4 Nf6 2. Nf3 e6 3. c4 c5 4. e3 d5 5. Bd3 Bd6 6. 0-0 0-0 7. Nc3 Nc6 8. dxc5 Bxc5 9. b3 b6 10. e4 d4 11. Ne2 e5 12. Nd2 Nb4 13. Bb1 Bg4 14. f3 d3+ 15. Kh1 dxe2 16. Qxe2 Bd4 17. a3 Bxa1 18. axb4 Be6 19. Ba3 Bd4 20. b5 Re8 21. Rd1 Nh5 22. Nf1 Nf4 23. Qc2 Qg5 24. Ng3 g6 25. Ba2 h5 26. Bc1 h4 27. Nf1 Kg7 28. g3 hxg3 29. hxg3 Rh8+ 30. Nh2 Qxg3 31. Bxf4 Qxf3+ 0-1